000 00642nam a22001937a 4500
005 20170213172533.0
010 _aENG-117235
020 _a9789386062352
_c425.00
035 _aEN-100767
037 _bDBAD/PUB
082 0 0 _a371.394
100 1 _aDillon,Robert
245 1 0 _aLeading connected classrooms :
_cby Robert Dillon
_bengaging the hearts and souls of learners /
260 _a New Delhi
_bSAGE Publications,
_c2017
270 _aB1/I-1 Mohan Cooperative Industrial Area, Mathura Road
_b New Delhi
_e110044
300 _axii,112p.
_c23 cm.(pbk)
504 _aIncludes index.
942 _2ddc
_cEN
_h371.394
_mDIL
999 _c137578
_d137578